| 000 | 00376nam a2200133Ia 4500 | ||
|---|---|---|---|
| 005 | 20260328104318.0 | ||
| 008 | 260328s9999||||xx |||||||||||||| ||und|| | ||
| 100 | _aCarvajal, Mauricio | ||
| 245 | 0 |
_aReflexiones sobre Ética Profesional II / _cMauricio Carvajal |
|
| 260 | _bConsejo Profesional Nacional de Arquitectura | ||
| 300 | _a79 p. | ||
| 650 | _aHISTORIA | ||
| 942 | _cBK | ||
| 999 |
_c11224 _d11224 |
||